Every Album Tyler, The Creator Has Featured On - Statistics

General Stats
  • This quiz has been taken 8 times
  • The average score is 7 of 39
Answer Stats
Artist(s) Album Track Title Date Released % Correct
A$AP Rocky Don't Be Dumb FISH N STEAK (WHAT IT IS) Jan 21, 2026
100%
Clipse Let God Sort Em Out P.O.V. Jul 11, 2025
75%
Freddie Gibbs & The Alchemist Alfredo Something to Rap ABout May 29, 2020
63%
Brent Faiyaz WASTELAND GRAVITY Jul 8, 2022
63%
ScHoolboy Q Oxymoron The Purge Jan 1, 2014
50%
Westside Gunn Pray for Paris 327 Apr 17, 2020
50%
Earl Sweatshirt Doris Sasquatch Aug 16, 2013
38%
Westside Gunn Hitler Wears Hermes 8: Side B The Fly who couldn't Fly straight Sep 24, 2021
38%
A$AP Mob Cozy Tapes: Vol 1 Friends - Telephone Calls Oct 31, 2016
25%
Weeknd Dawn FM Here We Go... Again Jan 6, 2022
25%
Nigo I Know NIGO! Lost and Found Freestyle 2019 & Come On, Let's Go Mar 25, 2022
25%
DJ Drama I'M REALLY LIKE THAT Legendary Mar 31, 2023
25%
Kali Uchis Isolation After The Storm Apr 6, 2018
25%
Lil Yachty LIl Boat 3 T.D May 29, 2020
25%
Mac Miller Watching Movies with the Sound Off O.K. Jun 23, 2023
25%
The Internet Ego Death Palace/Curse Jun 26, 2015
13%
Pusha T Fear of God II: Let Us Pray Trouble on My Mind Nov 8, 2011
13%
DJ Drama Quality Street Music I'ma Hata Oct 2, 2012
13%
The Game The R.E.D. Album Martians Vs Goblins Jan 1, 2010
13%
Trash Talk 119 Blossom & Burn Oct 9, 2012
0%
Odd Future 12 Odd Future Songs Rolling Papers Oct 3, 2011
0%
Casey Veggies Customized Greatly Vol. 3 PNCINTLOFWGKTA Apr 9, 2012
0%
GoldLink Diaspora U Say Jun 12, 2019
0%
Jaden ERYS NOIZE Jul 5, 2019
0%
Domo Genesis Genesis Go (Gas) Mar 25, 2016
0%
Channel Tres i can't go outside fuego Dec 10, 2020
0%
Casey Veggies Live & Grow RIP Sep 25, 2015
0%
MellowHigh MellowHigh Remix Oct 31, 2013
0%
Domo Genesis & The Alchemist No Idols No Idols Apr 20, 2023
0%
Maxo Kream Personification Crack Era Nov 16, 2024
0%
Yuna Rouge Castaway Jul 12, 2019
0%
Waka Flocka Flame Salute Me or Shoot Me 4 (Banned from America) I'm a Hater Sep 13, 2012
0%
Casey Veggies Sleeping in Class DTA Sep 20, 2011
0%
Snoh Aalegra TEMPORARY HIGH IN THE VIOLET SKIES NEON PEACH Jul 9, 2021
0%
brandUn DeShay Volume: One! For The Money Odd Octubree Oct 14, 2008
0%
brandUn DeShay Volume: Two! For The Show What's So Fxckin Funny Feb 22, 2009
0%
Maxo Kream WEIGHT OF THE WORLD BIG PERSONA Oct 18, 2021
0%
Rex Orange County WHO CARES? OPEN A WINDOW Mar 11, 2022
0%
Lykke Li Wounded Rhymes I Follow Rivers - Remix Jul 16, 2021
0%
No matching quizzes found
Score Distribution
Percent of People with Each Score
Percentile by Number Answered
Your Score History
You have not taken this quiz